Gezoomte Logos erkennen - Statistiken

Allgemein
  • Dieses Quiz wurde 133 mal gespielt
  • Das Durchschnittsergebnis liegt bei 26 aus 28
Antwortstatistiken
Bildquiz Antwort % Korrekt
Ford
99%
Google
99%
Ikea
99%
Lego
99%
McDonalds
99%
Amazon
98%
Apple
98%
Burger King
98%
Coca Cola
98%
Mercedes Benz
98%
Nike
98%
Shell
98%
Instagram
97%
Pepsi
97%
Adidas
96%
Ferrari
96%
Nasa
94%
Starbucks
94%
LG
93%
Star Wars
91%
Playstation
89%
Toblerone
88%
Marvel
87%
Warner Bros
87%
MTV
77%
FedEx
69%
Converse
66%
Ralph Lauren
49%
Keine übereinstimmenden Quizze gefunden
Verteilung der Resultate
Anzahl Personen mit jedem Resultat
Perzentil nach korrekt beantworteten Fragen
Ihre Resultats-Entwicklung
Sie haben dieses Quiz noch nicht gespielt